|
|
|
|
| LEADER |
00000naa a2200000 c 4500 |
| 001 |
1838897054 |
| 003 |
DE-627 |
| 005 |
20230310150153.0 |
| 007 |
cr uuu---uuuuu |
| 008 |
230310s2016 xx |||||oo 00| ||ger c |
| 035 |
|
|
|a (DE-627)1838897054
|
| 035 |
|
|
|a (DE-599)KXP1838897054
|
| 040 |
|
|
|a DE-627
|b ger
|c DE-627
|e rda
|
| 041 |
|
|
|a ger
|
| 084 |
|
|
|a 2,1
|2 ssgn
|
| 100 |
1 |
|
|a Baier, Dirk
|d 1976-
|e VerfasserIn
|0 (DE-588)132572702
|0 (DE-627)523956215
|0 (DE-576)254193102
|4 aut
|
| 109 |
|
|
|a Baier, Dirk 1976-
|
| 245 |
1 |
0 |
|a [Rezension von: Häusliche Gewalt]
|c Dr. Dirk Baier
|
| 264 |
|
1 |
|c 09.02.2016
|
| 336 |
|
|
|a Text
|b txt
|2 rdacontent
|
| 337 |
|
|
|a Computermedien
|b c
|2 rdamedia
|
| 338 |
|
|
|a Online-Ressource
|b cr
|2 rdacarrier
|
| 500 |
|
|
|a Gesehen am 10.03.2023
|
| 655 |
|
7 |
|a Rezension
|0 (DE-588)4049712-4
|0 (DE-627)106186019
|0 (DE-576)209083166
|2 gnd-content
|
| 773 |
0 |
8 |
|i Enthalten in
|t Socialnet.. Rezensionen
|d Köln : socialnet GmbH, 2000
|g (2016) vom: 9. Feb.
|h Online-Ressource
|w (DE-627)1001438094
|w (DE-600)2909580-3
|w (DE-576)494766964
|x 2190-9245
|7 nnas
|
| 773 |
1 |
8 |
|g year:2016
|g day:9
|g month:02
|
| 787 |
0 |
8 |
|i Rezension von
|t Häusliche Gewalt
|d Zürich : Schulthess, 2015
|h 304 S
|w (DE-627)829413790
|z 9783725573271
|
| 856 |
4 |
0 |
|u http://www.socialnet.de/rezensionen/19958.php
|x Verlag
|7 1
|
| 951 |
|
|
|a AR
|
| ELC |
|
|
|a 1
|
| LOK |
|
|
|0 000 xxxxxcx a22 zn 4500
|
| LOK |
|
|
|0 001 4287388380
|
| LOK |
|
|
|0 003 DE-627
|
| LOK |
|
|
|0 004 1838897054
|
| LOK |
|
|
|0 005 20230310150215
|
| LOK |
|
|
|0 008 230310||||||||||||||||ger|||||||
|
| LOK |
|
|
|0 040
|a DE-2619
|c DE-627
|d DE-2619
|
| LOK |
|
|
|0 092
|o n
|
| LOK |
|
|
|0 852
|a DE-2619
|
| LOK |
|
|
|0 852 1
|9 00
|
| LOK |
|
|
|0 866
|x #223
|
| LOK |
|
|
|0 935
|a krzx
|
| LOK |
|
|
|0 939
|a 10-03-23
|b l01
|
| ORI |
|
|
|a SA-MARC-krimdoka001.raw
|